| 000 | 00000nas##2200000za#4500 |
|---|---|
| 001 | 9.504138 |
| 003 | CaOODSP |
| 005 | 20250129103522 |
| 007 | cr ||||||||||| |
| 008 | 150406c2004||||xxc|| m o||||f| |0fre|d |
| 040 | |aCaOODSP|bfre |
| 043 | |an-cn--- |
| 086 | 1 |aEn57-41F-PDF |
| 110 | 2 |aService météorologique du Canada. |
| 245 | 10|aPapier occasionnel |h[ressource électronique] |
| 260 | |aToronto - Ontario : |bEnvironnement Canada. |
| 310 | |aIrrégulier |
| 362 | 1 |a[1 (novembre 2004)] -- |
| 775 | 08|tOccasional paper |w(CaOODSP)9.506650 |